Who Starred In That Film? - Statistics

General Stats
  • This quiz has been taken 27 times
  • The average score is 13 of 20
Answer Stats
Question Answer % Correct
Men In Black Tommy Lee Jones
94%
Trainspotting Ewan MacGregor
89%
The French Connection Gene Hackman
89%
La La Land Ryan Gosling
89%
Serpico Al Pacino
83%
Dr Zhivago Omar Sharif
83%
Rocky Horror Picture Show Susan Sarandon
83%
Cabaret Michael York
78%
White Christmas Rosemary Clooney
72%
Muriel's Wedding Toni Collette
72%
Babylon Brad Pitt
67%
An American In Paris Gene Kelly
67%
Sweet Charity Shirley MacLaine
61%
Carousel Shirley Jones
56%
Bringing Up Baby Katharine Hepburn
50%
There's No Business Like Showbusiness Marilyn Monroe
44%
Now Voyager Bette Davis
33%
Greedy People Joseph Gordon-Levitt
33%
Thank God It's Friday Donna Summer
28%
The Midnight Sky George Clooney
22%
No matching quizzes found
Score Distribution
Percent of People with Each Score
Percentile by Number Answered
Your Score History
You have not taken this quiz